Les acteurs non ťatiques et le dv̌eloppement du droit international

Bibliographic Details
Main Author: Ntep Bi Ntep, Jean Didier
Format: eBook
Published: Pars̕: Éditions Universitaires Europěnes, 2019
Subjects:
Online Access:Acceso restringido

MARC

LEADER 00000nam a22000007a 4500
005 20191003225723.0
007 cr|||| ||||
008 191003s2019 fr |||||s|||| 00||0 fra d
020 |a 9786138471547 
035 |a 29172 
040 |a vLex 
090 |c 9706  |d 9706 
100 1 |a Ntep Bi Ntep, Jean Didier 
245 1 3 |a Les acteurs non ťatiques et le dv̌eloppement du droit international  |h [Recurso electrn̤ico] /  |c Jean Didier Ntep Bi Ntep 
256 |a Servicio en ln̕ea 
260 |a Pars̕:  |b Éditions Universitaires Europěnes,  |c 2019 
300 |a 1 recurso electrn̤ico 
500 |a La pršente ťude met en exergue la place des acteurs non ťatiques dans le dv̌eloppement du droit international čonomique au moment o ̮la doctrine reste divisě sur l’implication de ces derniers dans les relations čonomiques internationales. L’interrogation qui structure cette analyse est celle de savoir en quoi les acteurs non ťatiques influencent l’armature normative et institutionnelle du droit international čonomique. Cela suppose pour y rp̌ondre, dans une premir̈e partie, de comprendre les raisons de la pršence des acteurs non ťatiques dans cette branche du droit international stato-centr.̌ Leur pršence se justifie ainsi par leur reconnaissance presque forcě par les sujets principaux du droit international et leur intřt̊ sans cesse croissant pour les problm̌atiques liěs ̉la mondialisation. Dans une seconde partie, la pršente ťude se permet d’v̌aluer le rl̥e des acteurs non ťatiques dans le dv̌eloppement de cette branche du droit international. Il explore dans un premier temps les moyens dont disposent les acteurs non ťatiques pour influencer le droit international čonomique,tout en relevant dans un second temps les manquements enregistrš dans leurs activitš. 
506 1 |a Disponible solo en los productos indicados  |d vLex Global  |d vLex Global (Academic Edition, excluding Law Schools)  |d vLex Global (U.S. Academic Edition, Law Schools)  |d vLex Global (U.S. Academic Edition, excluding Law Schools)  |d vLex Global (Academic Edition, Law Schools) 
650 0 4 |a Derecho Internacional  |z Francia 
740 0 |a vLex Libros (Servicio en ln̕ea) 
856 4 0 |u http://vlex.com/source/29172  |z Acceso restringido 
942 |c BOOK 
999 0 |a International right